000 00356nam a2200145Ia 4500
005 20250320053530.0
008 240331s9999 xx 000 0 und d
082 _bMUR
_a894
100 _aMurugapoopathy,
245 0 _aVelicham
260 _aChennai
_bKumaran Publishers
_c1998
300 _a160 p .,
500 _aA collection of Short Stories
942 _cL
999 _c3745
_d3745